000 00586nam a2200157 a 4500
008 120416s1963 ||||||||||||||||| || u
050 _aHD 20 Kau
100 _aKaufmann, Arnold
245 1 0 _aMethods and modules of operations research.
260 _aEnglewood Cliffs, New Jersey
_bFT Prentice-Hall
_c[1963]
300 _axi, 510p. : Ill.
350 _a0.00
650 _aOPERATIONS RESEARCH--MANAGEMENT
650 0 _aMANAGEMENT
995 _D0.00
_FCBU-MAIN LIBRARY (Kitwe)
_H1
_I0.00
_M1
_UAVAILABLE
_ZAnnex Low-Usage Collection
999 _c51039
_d51039